[Event "Buenos Aires U2200"]
[Site "Buenos Aires"]
[Date "2015.10.27"]
[Round "5.2"]
[White "Rasgido, Alejandro"]
[Black "Perdiguero, Sebastian"]
[Result "1-0"]
[WhiteElo "2054"]
[BlackElo "1844"]
[PlyCount "53"]
[EventDate "2015.10.20"]
[EventType "swiss"]
[EventRounds "7"]
[EventCountry "ARG"]
[SourceTitle "EXT 2024"]
[Source "ChessBase"]
[SourceDate "2023.10.10"]
[SourceVersion "1"]
[SourceVersionDate "2023.10.10"]
[SourceQuality "1"]

1. b3 b6 2. Bb2 Bb7 3. e3 e6 4. Nf3 Nf6 5. Be2 Be7 6. d3 d6 7. c4 0-0 8. Nc3 c5 9. Qc2 Nc6 10. a3 d5 11. cxd5 exd5 12. d4 Rc8 13. 0-0 cxd4 14. exd4 Ne4 15. Bd3 Kh8 16. Bxe4 dxe4 17. Qxe4 Na5 18. d5 Nxb3 19. Rad1 Bf6 20. Ne5 Nc5 21. Qf5 g6 22. Qf4 Kg8 23. Ng4 Bg5 24. Nh6+ Kg7 25. Ne4+ Kxh6 26. Nxg5 Qxg5 27. Bg7+ 1-0